000
00327 a2200157 4500
001
61991
020
_a
9780708866252
040
_c
Anchieta - Pituba
100
_a
Cast, P.C.
240
1
0
_a
Marked
_l
Ing
245
1
0
_a
Marked
300
_a
348
362
0
_a
2007
650
4
_a
Ficção norte-americana em inglês
942
_c
BK
999
_c
61991
_d
61991